000 00656nam a22001817a 4500
005 20111212115542.0
020 _a9780007244423
_c75.00
037 _bBlueberry Books
100 _aWarren, Celia
_936773
245 _aWhere is the wind? /
_cby Celia Warren; illustrated by Lisa Williams
260 _aLondon
_bCollins
_c2007
270 _a77-85 Fulhom Palace Road, Hammersmith
_bLondon
300 _aLevel 2-book A (24p.)
_bill.
_c20cm(pbk)
490 _aRead at home
_936774
700 _a Williams, Lisa
_936775
942 _2ddc
_cCH
_mWAR
999 _c59266
_d59266